Environmental performance reviews : Ireland.

Bibliographic Details
Corporate Author: Organisation for Economic Co-operation and Development
Format: Book
Language:English
Published: Paris : Organisation for Economic Co-operation and Development, [2000]
Subjects:

MARC

Tag First Indicator Second Indicator Subfields
LEADER 00000cam a2200000Ia 4500
001 in00001600545
005 20151022170929.0
008 010131s2000 fr a b i000 0 eng d
020 |a 9264182926 
035 |a (OCoLC)ocm45820280 
040 |a ESU  |c ESU  |d TXA  |d UtOrBLW 
043 |a e-ie--- 
049 |a TXAM 
090 |a QH143  |b .E58 2000 
092 |a D 333.7209 ENV 
245 0 0 |a Environmental performance reviews :  |b Ireland. 
246 3 0 |a Environmental performance reviews 
264 1 |a Paris :  |b Organisation for Economic Co-operation and Development,  |c [2000] 
264 4 |c ©2000 
300 |a 180 pages :  |b color illustrations ;  |c 23 cm. 
336 |a text  |b txt  |2 rdacontent 
337 |a unmediated  |b n  |2 rdamedia 
338 |a volume  |b nc  |2 rdacarrier 
504 |a Includes bibliographical references. 
650 0 |a Environmental protection  |z Ireland. 
650 0 |a Environmental policy  |z Ireland. 
699 2 |a D 333.7209417 
710 2 |a Organisation for Economic Co-operation and Development. 
994 |a E0  |b TXA 
948 |a cataloged  |b h  |c 2001/2/23  |d c  |e blrosas  |f 10:43:23 am 
999 |a MARS 
999 f f |s ce2cfbd9-715b-36c6-a478-366fc9fadd1b  |i 61c77d3f-f283-370b-b4cb-4c2fd1742175  |t 0 
952 f f |p ric  |a Texas A&M University  |b Rellis Campus  |c Joint Library Facility  |d Remote Storage  |t 0  |e QH143 .E58 2000  |h Library of Congress classification  |i unmediated -- volume  |m A14827380559 
998 f f |a QH143 .E58 2000  |t 0  |l Remote Storage